La Exploradora : (Record no. 153991)

MARC details
000 -LEADER
campo de control de longitud fija 00862nam a22001815i 4500
001 - NÚMERO DE CONTROL
campo de control 153991
003 - IDENTIFICADOR DE NÚMERO DE CONTROL
campo de control ES-MaACL
005 - FECHA Y HORA DE LA ÚLTIMA TRANSACCIÓN
campo de control 20230906205453.0
008 - DATOS DE LONGITUD FIJA--INFORMACIÓN GENERAL
campo de control de longitud fija 020916s1881 sp |||| | spa d
245 03 - MENCIÓN DEL TÍTULO
Título La Exploradora :
Resto del título Asociación Euskara para la Exploración y Civilización del África Central : 1881.
260 ## - PUBLICACIÓN, DISTRIBUCIÓN, ETC.
Lugar de publicación, distribución, etc. Madrid :
Nombre del editor, distribuidor, etc. [s.n.],
Fecha de publicación, distribución, etc. 1881 (
Fabricante Imp. de Fortanet)
300 ## - DESCRIPCIÓN FÍSICA
Extensión 29 p. ;
Dimensiones 23 cm.
505 8# - NOTA DE CONTENIDO CON FORMATO
Nota de contenido con formato Contiene: Reseña de las tareas y estado de la Exploradora / leída en Junta General por su secretario Enrique Irábien y Larrañaga, p. 7-29
610 2# - PUNTO DE ACCESO ADICIONAL DE MATERIA--NOMBRE DE ENTIDAD CORPORATIVA
Nombre de entidad corporativa o nombre de jurisdicción como elemento de entrada Asociación Euskara La Exploradora (Vitoria)
9 (RLIN) 134130
651 #4 - PUNTO DE ACCESO ADICIONAL DE MATERIA--NOMBRE GEOGRÁFICO
Nombre geográfico África central-
Subdivisión general Descubrimientos y exploraciones.
9 (RLIN) 137404
700 1# - ENTRADA AGREGADA--NOMBRE PERSONAL
Nombre de persona Irábien de Larrañaga, Enrique.
9 (RLIN) 144820
852 4# - LOCALIZACIÓN
Ubicación ES-MaACL
Número de control de estantería T-427-F-17
Nota libre - Enc. hol., falto de cub. original
-- - Enc. en un vol. facticio
Holdings
Estatus retirado Estado de pérdida Estado de daño No para préstamo Colección Biblioteca de origen Biblioteca actual Ubicación en estantería Fecha de adquisición Total de préstamos Signatura topográfica completa Código de barras Visto por última vez Precio de reemplazo Tipo de ítem Koha
        Colección de folletos Biblioteca del Ateneo de Madrid Biblioteca del Ateneo de Madrid Depósito folletos 17/01/2008   T-427-F-17 1161008 23/02/2023 23/02/2023 Folleto